Use of first fraction rubber in the manufacture of stereo rubber (Record no. 71838)

MARC details
000 -LEADER
fixed length control field 00445nam a2200157Ia 4500
100 ## - MAIN ENTRY--AUTHOR NAME
Personal name Nadarajah M
245 #0 - TITLE STATEMENT
Title Use of first fraction rubber in the manufacture of stereo rubber
260 ## - PUBLICATION, DISTRIBUTION, ETC. (IMPRINT)
Name of publisher Rubber Research Institute of Sri Lanka Bulletin
Year of publication 1973
300 ## - PHYSICAL DESCRIPTION
Number of Pages 36-38
650 ## - SUBJECT ADDED ENTRY--TOPICAL TERM
Topical Term Fraction rubber
650 ## - SUBJECT ADDED ENTRY--TOPICAL TERM
Topical Term Sri Lanka
650 ## - SUBJECT ADDED ENTRY--TOPICAL TERM
Topical Term Stereo rubber
700 ## - ADDED ENTRY--PERSONAL NAME
Personal name Medagama D D
942 ## - ADDED ENTRY ELEMENTS (KOHA)
Koha item type Journals
Holdings
Withdrawn status Lost status Damaged status Not for loan Home library Current library Shelving location Date acquired Serial Enumeration / chronology Koha item type
      Journals RRII Library RRII Library Rubber chemistry 17/12/2021 Volume 8, Issue 2 Journals